Southville International School and Colleges
Your cart is empty.
  • Cart
  • Lists
    Public lists Eva Luna New books Lux_list list_1
    Your lists Log in to create your own lists
  • Log in to your account
  • Your cookies
  • Search history
Southville International School and Colleges
  • Advanced search
  • Recent comments
  • Most popular
  • Libraries

Log in to your account

Log in with GOOGLE


If you do not have an external account, but do have a local account, you can still log in:

  1. Home
  2. MARC view: Baby Jesus.
Normal view MARC view ISBD view

Baby Jesus. (Record no. 104909)

[ view plain ]
MARC details
000 -LEADER
fixed length control field 00461nam a2200169 a 4500
005 - DATE AND TIME OF LATEST TRANSACTION
control field 20140412111331.0
008 - FIXED-LENGTH DATA ELEMENTS--GENERAL INFORMATION
fixed length control field 030210s19uu xx 00 eng d
020 ## - INTERNATIONAL STANDARD BOOK NUMBER
International Standard Book Number 0-86215-552-5
050 ## - LIBRARY OF CONGRESS CALL NUMBER
Classification number ER
Item number Ba11 1987
245 ## - TITLE STATEMENT
Title Baby Jesus.
260 ## - PUBLICATION, DISTRIBUTION, ETC. (IMPRINT)
Place of publication, distribution, etc Great Britain :
Name of publisher, distributor, etc Studi Publications (Ipswich) Limited,
Date of publication, distribution, etc 1987.
300 ## - PHYSICAL DESCRIPTION
Extent 1 v. (unp.) ; ill.
440 ## - SERIES STATEMENT/ADDED ENTRY--TITLE
Title Bible story sticker books
650 ## - SUBJECT ADDED ENTRY--TOPICAL TERM
Topical term or geographic name as entry element Nativity
650 ## - SUBJECT ADDED ENTRY--TOPICAL TERM
Topical term or geographic name as entry element Birth of Christ
Holdings
Withdrawn status Lost status Damaged status Use restrictions Home library Current library Shelving location Date acquired Source of acquisition Total Checkouts Full call number Barcode Date last seen Price effective from Koha item type
        Elizalde Library Elizalde Library Easy Reading Section 02/10/2003     ER Ba11 1987 E8989 04/12/2014 04/12/2014 Books

Baby Jesus.

APA

(1987). Baby Jesus. Great Britain: Studi Publications (Ipswich) Limited.

Chicago

1987. Baby Jesus. Great Britain: Studi Publications (Ipswich) Limited.

Harvard

(1987). Baby Jesus. Great Britain: Studi Publications (Ipswich) Limited.

MLA

Baby Jesus. Great Britain: Studi Publications (Ipswich) Limited. 1987.

  • Place hold
  • Print
  • Cite
  • Add to your cart (remove)
  • Save record
    BIBTEX Dublin Core MARCXML MARC (non-Unicode/MARC-8) MARC (Unicode/UTF-8) MARC (Unicode/UTF-8, Standard) MODS (XML) RIS
  • More searches
    Search for this title in:
    Other Libraries (WorldCat) Other Databases (Google Scholar) Online Stores (Bookfinder.com) Open Library (openlibrary.org)

Exporting to Dublin Core...

SOUTHVILLE LIBRARY

Southville International School and Colleges Library

1281 Tropical Ave. Cor. Luxembourg St., BF Homes International, Las Pinas City

Tel. No. 8256374 / 252358 Loc. 117/146

Powered by Koha